000
00211 a2200097 4500
001
6095
100
_a
Duckworth, W E
245
_a
Guide to operational research.
260
_a
_b
Methuen
_c
090
_c
4993
_d
4993
942
_a
NUST-CAE
_c
M
_c
31370
999
_c
241168
_d
241168